Limity globálnych stratégií
Dilema voľby globálnej štandardizovanej versus lokálnej marketingovej stratégie v medzinárodnom podnikaní firiem. Analýza vecných argumentov. Zaujatie stanovísk k trom kritickým otázkam: a) dimenzie homogenity, b) hybné sily procesov homogénnosti, c) implikácie pre marketingových manažérov. Hranice...
Gespeichert in:
| 1. Verfasser: | |
|---|---|
| Format: | Buchkapitel |
| Sprache: | Slowakisch |
| Schlagworte: | |
| Tags: |
Keine Tags, Fügen Sie das erste Tag hinzu!
|
MARC
| LEADER | 00000naa a2200000 4500 | ||
|---|---|---|---|
| 001 | r035980 | ||
| 005 | 20230825101807.4 | ||
| 041 | 0 | |a slo | |
| 044 | |a SK | ||
| 245 | 1 | 0 | |a Limity globálnych stratégií |c Dagmar Lesáková |
| 520 | |a Dilema voľby globálnej štandardizovanej versus lokálnej marketingovej stratégie v medzinárodnom podnikaní firiem. Analýza vecných argumentov. Zaujatie stanovísk k trom kritickým otázkam: a) dimenzie homogenity, b) hybné sily procesov homogénnosti, c) implikácie pre marketingových manažérov. Hranice globálneho marketingu. Limity globálnej stratégie. Závery. | ||
| 610 | 2 | 0 | |a globalizácia |
| 610 | 2 | 0 | |a stratégia marketingová |
| 610 | 2 | 0 | |a trh medzinárodný |
| 610 | 2 | 0 | |a podnikanie medzinárodné |
| 610 | 2 | 0 | |a spoločnosti nadnárodné |
| 610 | 2 | 0 | |a štandardizácia |
| 610 | 2 | 0 | |a marketing |
| 610 | 2 | 0 | |a produkty |
| 610 | 2 | 0 | |a analýzy |
| 100 | 1 | |a Lesáková, Dagmar, 1949- | |